Представление документа в формате MARC21

ПолеНазваниеЗначение
  Тип записи a
  Библиографический уровень m
001 Контрольный номер RU\infra-m\znanium\bibl\2233094
005 Дата корректировки 20260429142326.2
008 Кодируемые данные 251114s2025 RU g rus u
020 Индекс ISBN __
a ISBN 978-5-16-021629-4
020 Индекс ISBN __
a ISBN 978-5-16-109915-5 (электр. издание)
040 Источник каталогиз. __
a Служба первич. каталог. Общество с ограниченной ответственностью «ЗНАНИУМ»
041 Код языка издания __
a Код языка текста rus
044 Код страны публикации __
a Код страны публикации RU
080 Индекс УДК __
a Индекс УДК 517.5(075.8)
084 Индекс другой классификации/Индекс ББК __
2 Источник индекса rubbk
a Индекс другой классификации/Индекс ББК 22.161.5я73
084 Индекс другой классификации/Индекс ББК __
2 Источник индекса okso
a Индекс другой классификации/Индекс ББК 03.03.01
084 Индекс другой классификации/Индекс ББК __
2 Источник индекса okso
a Индекс другой классификации/Индекс ББК 24.03.01
084 Индекс другой классификации/Индекс ББК __
2 Источник индекса okso
a Индекс другой классификации/Индекс ББК 24.03.02
084 Индекс другой классификации/Индекс ББК __
2 Источник индекса okso
a Индекс другой классификации/Индекс ББК 24.03.03
084 Индекс другой классификации/Индекс ББК __
2 Источник индекса okso
a Индекс другой классификации/Индекс ББК 24.03.04
084 Индекс другой классификации/Индекс ББК __
2 Источник индекса okso
a Индекс другой классификации/Индекс ББК 24.03.05
100 Автор __
a Автор Половинкин Е.С.
q Полное имя Половинкин Евгений Сергеевич
u Дополнение Московский физико-технический институт (национальный исследовательский университет) МФТИ
245 Заглавие __
a Заглавие Теория функций комплексного переменного
b Продолж. заглавия Учебник
c Ответственность Московский физико-технический институт (национальный исследовательский университет) МФТИ
250 Сведения об издании __
g перераб. и доп.
a Основные сведения об издании 2
260 Выходные данные __
a Место издания Москва
b Издательство ООО "Научно-издательский центр ИНФРА-М"
c Дата издания 2026
300 Физическое описание __
a Объем 253 с.
440 Серия __
a Серия Высшее образование
520 Аннотация __
a Аннотация В учебнике излагаются основы теории функций комплексного переменного. Рассматриваются также геометрические принципы аналитических (регулярных) функций на основе которых построена геометрическая теория конформных отображений. Приводятся некоторые прикладные аспекты функций комплексного переменного. Рекомендовано Учебно-методическим советом высших учебных заведений Российской Федерации по образованию в области прикладных математики и физики в качестве учебника для студентов высших учебных заведений обучающихся по направлению подготовки «Прикладные математика и физика» и смежным направлениям и специальностям. Соответствует требованиям федеральных государственных образовательных стандартов высшего образования последнего поколения. Для студентов и преподавателей технических и физико-математических вузов.
521 Примеч. о цел. назн. __
a Примеч. о целев. назн. ВО - Бакалавриат
650 Тематические рубрики __
a Основная рубрика Физико-математические науки
x Основная подрубрика Основы математики
655 Указ. предметных рубрик (устаревшее) __
a Жанр/ форма (устаревшее) Учебник
856 Электронный адрес документа 4_
a Имя сервера/домена znanium.ru
m Помощь ebs_support@infra-m.ru
n Местонахождение сервера НИЦ ИНФРА-М
u URL https://znanium.ru/catalog/document?id=472478
856 Электронный адрес документа 48
a Имя сервера/домена znanium.ru
d Путь /cover/2233
f Электронное имя 2233094.jpg
q Тип электронного формата image/jpeg
u URL https://znanium.ru/cover/2233/2233094.jpg
911 __
u 0030=https://znanium.ru/catalog/document?id=472478